000 00263nam a2200109Ia 4500
008 190802s9999 xx 000 0 und d
100 _aMuhammad Shafiq Aathir
245 0 _aPehla Din
260 _aKarachi
_bMuhammad Aata Baig
_c2009
300 _a128:p
942 _cBK
999 _c2475
_d2475